000 00496nam a22001937a 4500
003 MPLRDC
005 20220104123930.0
008 210129b ||||| |||| 00| 0 eng d
020 _a962-04-1044-0
082 _a240.98 VER
100 _aKREUZ VERLAG, STUTTGART
245 _a死论
_c林克译
250 _a一版一刷
260 _a
_b三联书店
_c1992
300 _b
490 _a当代欧陆宗教思想系列
650 _a基督教思想史--现代
942 _cBK
_o240.98 VER
999 _c15326
_d15316